Riadenie obchodného procesu pri medzinárodnom pôsobení vybranej spoločnosti diplomová práca

Enregistré dans:
Détails bibliographiques
Auteur principal: Varsányi, Matej
Collectivité auteur: Podnikovohospodárska fakulta EU so sídlom v Košiciach. Katedra obchodného podnikania
Autres auteurs: Ručinský, Rastislav
Format: Livre
Langue:slovaque
Publié: Košice 2017
Tags: Ajouter un tag
Pas de tags, Soyez le premier à ajouter un tag!

MARC

LEADER 00000nbm a2200000 4500
001 0231730
005 20171121133554.0
041 0 |a slo 
044 |a SK 
245 1 0 |a Riadenie obchodného procesu pri medzinárodnom pôsobení vybranej spoločnosti  |b diplomová práca  |c Matej Varsányi ; školiteľ: Rastislav Ručinský 
264 1 |a Košice  |c 2017 
300 |a 73 s. 
100 1 |a Varsányi, Matej 
700 1 |a Ručinský, Rastislav 
710 2 |a Podnikovohospodárska fakulta EU so sídlom v Košiciach. Katedra obchodného podnikania